| 000 | nam a22 7a 4500 | ||
|---|---|---|---|
| 999 |
_c141663 _d141661 |
||
| 005 | 20180613103932.0 | ||
| 008 | 180613b mx ||||| |||| 00| 0 spa d | ||
| 020 | _a9786079475277 (Instituto Mora) | ||
| 020 | _a9786079470357 (COLMICH) | ||
| 050 | 0 | 4 |
_aF1231 _bR65 2016 |
| 100 | 1 | _aRojas, Beatriz | |
| 245 | 1 | 4 |
_aLas Ciudades Novohispanas : _bsiete ensayos, historia y territorio / _cBeatriz Rojas |
| 250 | _a1ra ed. | ||
| 260 |
_aMéxico, D.F. : _bInstituto de Investigaciones Dr. José María Luis Mora ; _bEl Colegio de Michoacán ; _bConsejo Nacional de Ciencia y Tecnología, _c2014 |
||
| 300 |
_a294 p.: _bmapas, _c23 cm. |
||
| 490 | _aHistoria política | ||
| 504 | _aIncluye referencias bibliográficas (páginas 259-285) e índice. | ||
| 651 | 7 |
_2lemb _aNueva España _xHistoria _ySiglo XVIII |
|
| 651 | 7 |
_2lemb _aEspaña _xColonias _zAmérica _xHistoria _ySiglo XVIII |
|
| 942 |
_2lcc _cLIB |
||